000 00457nam a2200181Ia 4500
005 20250521034814.0
008 240331s9999 xx 000 0 und d
020 _a9559580000
082 _a301
_bSOO
100 _aSooriyapperuma, J.R.P
245 0 _a21 Wana siyawasata perawadanak
260 _aColombo
_bDayawansa Jayakody & Company
_c1995
300 _a205 p .,
650 _aSocial Philosophy
650 _aEconomy
650 _aCulture
942 _cL
999 _c1039
_d1039